| 000 -LEADER |
| fixed length control field |
01272 a2200277 4500 |
| 003 - CONTROL NUMBER IDENTIFIER |
| control field |
Nust |
| 005 - DATE AND TIME OF LATEST TRANSACTION |
| control field |
20220730114922.0 |
| 010 ## - LIBRARY OF CONGRESS CONTROL NUMBER |
| LC control number |
00702652 |
| 020 ## - INTERNATIONAL STANDARD BOOK NUMBER |
| International Standard Book Number |
1558606459 (acid-free paper) |
| 035 ## - SYSTEM CONTROL NUMBER |
| System control number |
(OCoLC)ocm44151085 |
| 040 ## - CATALOGING SOURCE |
| Transcribing agency |
Nust |
| 082 00 - DEWEY DECIMAL CLASSIFICATION NUMBER |
| Classification number |
004.65,WIT |
| 100 1# - MAIN ENTRY--PERSONAL NAME |
| Personal name |
Wittmann, Ralph. |
| 9 (RLIN) |
95908 |
| 245 10 - TITLE STATEMENT |
| Title |
Multicast communication : |
| Remainder of title |
protocols and applications / |
| Statement of responsibility, etc. |
Ralph Wittmann, Martina Zitterbart. |
| 260 ## - PUBLICATION, DISTRIBUTION, ETC. |
| Place of publication, distribution, etc. |
San Francisco, CA : |
| Name of publisher, distributor, etc. |
Morgan Kaufmann, |
| Date of publication, distribution, etc. |
[2000], c2001. |
| 300 ## - PHYSICAL DESCRIPTION |
| Extent |
xvii, 349 p. : |
| Other physical details |
ill. ; |
| Dimensions |
25 cm. |
| 440 #0 - SERIES STATEMENT/ADDED ENTRY--TITLE |
| Title |
Morgan Kaufmann series in networking |
| 9 (RLIN) |
94477 |
| 505 ## - FORMATTED CONTENTS NOTE |
| Formatted contents note |
Introduction (Page-1), The Basics of group communication (Page-7), Multicast routing (Page-53), Quality of service (Page-123), Multicast in ATM networks (Page-167), Transport protocols (Page-197), MBone-The multicast backbone of the internet (Page-265), Outlook (Page-309). |
| 650 #0 - SUBJECT ADDED ENTRY--TOPICAL TERM |
| Topical term or geographic name entry element |
Computer networks. |
| 9 (RLIN) |
3677 |
| 650 #0 - SUBJECT ADDED ENTRY--TOPICAL TERM |
| Topical term or geographic name entry element |
Internet. |
| 9 (RLIN) |
17965 |
| 650 #0 - SUBJECT ADDED ENTRY--TOPICAL TERM |
| Topical term or geographic name entry element |
Multicasting (Computer networks) |
| 9 (RLIN) |
95909 |
| 700 1# - ADDED ENTRY--PERSONAL NAME |
| Personal name |
Zitterbart, Martina. |
| 9 (RLIN) |
95910 |
| 856 42 - ELECTRONIC LOCATION AND ACCESS |
| Materials specified |
Publisher description |
| Uniform Resource Identifier |
<a href="http://www.loc.gov/catdir/description/els031/00702652.html">http://www.loc.gov/catdir/description/els031/00702652.html</a> |
| 856 42 - ELECTRONIC LOCATION AND ACCESS |
| Materials specified |
Table of contents |
| Uniform Resource Identifier |
<a href="http://www.loc.gov/catdir/toc/els031/00702652.html">http://www.loc.gov/catdir/toc/els031/00702652.html</a> |
| 942 ## - ADDED ENTRY ELEMENTS (KOHA) |
| Koha item type |
Reference |
| Source of classification or shelving scheme |
|
| Call number prefix |
004.65,WIT |